Revista pueblos del Perú y América / (Record no. 22135)

000 -CABECERA
fixed length control field 01215nam a22002177a 4500
003 - IDENTIFICADOR DEL NÚMERO DE CONTROL
control field AR-CdUCM
008 - DATOS DE LONGITUD FIJA--INFORMACIÓN GENERAL
fixed length control field 190605b ||||| |||| 00| 0 spa d
040 ## - FUENTE DE LA CATALOGACIÓN
Agencia/entidad que catalogó originalmente la obra MUNICIPALIDAD PROVINCIAL DEL CUSCO
Entidad que transcribió la catalogación BIBLIOTECA MUNICIPAL DEL CUSCO
082 ## - NÚMERO DE LA CLASIFICACIÓN DECIMAL DEWEY
No. de Clasificación PuebsdelPerú/N°24/1977
245 ## - MENCIÓN DE TÍTULO
Título Revista pueblos del Perú y América /
Mención de responsabilidad José A. Medina Muñiz, Director
260 ## - PUBLICACIÓN, DISTRIBUCIÓN, ETC.
Lugar de publicación, distribución, etc. Cusco.
Nombre de la editorial, distribuidor, etc. Servicios gráficos,
Fecha de publicación, distribución, etc. 1980.
300 ## - DESCRIPCIÓN FÍSICA
Nº de Páginas Extensión 44 páginas. :
Otros detalles físicos ilustraciones ;
Dimensiones 29 cm.
440 ## - MENCIÓN DE SERIE/PUNTO DE ACCESO ADICIONAL--TÍTULO
Título Revista Pueblos del Perú y América.
Número de la parte/sección de una obra N°24, segundo trimestre 1977.
9 (RLIN) 47517
505 ## - NOTA DE CONTENIDO CON FORMATO
Nota de contenido formateada Contenido: Pacto andino consolida unidad latinoamericana. -- Breve historia del día del Cusco. -- Personalidades y diplomáticos visitan el Cusco. -- Reportaje al Sr, Roberto Zegarra S. -- Las protestas del Sur. -- Las provincias y del descentralismo. -- Elecciones municipales. -- Homenaje al Cusco eterno. -- Perú recuerda a extraordinario musicólogo. -- El señor de los Temblores. -- Tupac Amaru sesquicentenario de la muerte de Juan Bautista.
650 ## - PUNTO DE ACCESO ADICIONAL DE MATERIA--TÉRMINO DE MATERIA
Descriptor Túpac Amaru
9 (RLIN) 623
650 ## - PUNTO DE ACCESO ADICIONAL DE MATERIA--TÉRMINO DE MATERIA
Descriptor Historia del Cusco
9 (RLIN) 1714
650 ## - PUNTO DE ACCESO ADICIONAL DE MATERIA--TÉRMINO DE MATERIA
Descriptor Siglo XX
9 (RLIN) 47518
700 ## - PUNTO DE ACCESO ADICIONAL--NOMBRE DE PERSONA
Nombre Personal Aparicio Vega, Jesús Manuel
9 (RLIN) 47196
942 ## - ELEMENTOS DE PUNTO DE ACCESO ADICIONAL (KOHA)
Fuente de clasificación
Tipo de item Revistas cusqueñas
945 ## - PROCESAMIENTO DE INFORMACIÓN LOCAL (OCLC)
Catalogador vhl
Holdings
Estado de retiro (separado) Fuente de clasificación o esquema de estanterías Estado dañado Ubicación Sala donde se ubica Nombre de la colección Fecha de adquisición o compra Costo, precio normal en soles Signatura topográfica Código de Barras Última vez visto (Koha) Tipo de ítem (Koha)
No     Sala Hemeroteca Sala Hemeroteca Book Cart 2022-03-10 5.00 PuebsdelPerú/N°24/1977 REVC000659 2022-03-10 Revistas cusqueñas

Powered by Koha